000 00956nam a2200301 i 4500
003 EG-GICUC
005 20260128140421.0
008 260128s1973 be ||||fr ||| 00| 0 fre d
040 _aEG-GICUC
_cEG-GICUC
_dEG-GICUC
_erda
_bfre
041 0 _afre
082 0 4 _221
_a341.81
_bCA . D
092 0 4 _221
099 _aLaw1 12 341.81 CA . D 1973
100 1 _aS.Calogeropoulos-Stratis
_eAuteur
245 1 2 _aLe dorit Des Peuples A Disposer D'Eix-Memes /
_cS.Calogeropoulos-Stratis .
264 0 _aBruxelles :
_bEtablissements Emile Bruylant ,
_c1973 .
300 _a388 Pages ;
_c30 cm.
336 _atext
_2rda content
337 _aComputer
_2rda media
338 _aOnline Resource
_2rda carrier
546 _aTexte en français
650 0 4 _aDroit international privé
650 0 4 _aNationalité
700 1 _aCassin,Rene
_ePréfacier
856 _uhttps://fll.law.cu.edu.eg/fulltext/th/B12-02434.pdf
905 _a59
942 _2ddc
_cBK
_e21
_n0
999 _c59947
_d59947